| 000 | 00967nam a22002535i 4500 | ||
|---|---|---|---|
| 001 | 165692 | ||
| 003 | ES-MaACL | ||
| 005 | 20250730063146.0 | ||
| 008 | 990921s1895 fr |||| | fre d | ||
| 040 |
_aCCPB | B _bspa _cCCPB | B |
||
| 100 | 1 |
_aSpencer, Herbert, _d1820-1903 _9107684 |
|
| 245 | 1 | 3 |
_aLe rôle Moral de la Bienfaisance / _cpar Herbert Spencer ; traduction de M.E. Castelot et E. Martin Saint-Léon. |
| 260 |
_aParis : _bGuillaumin et C\pie\s, éditeurs, _c1895 ( _eÉvreux : _fImprimerie de Charles Hérissey) |
||
| 300 |
_aIV, 258 p. ; _c23 cm. |
||
| 490 | 1 | _aCollection d´autores étrangers contemporains | |
| 597 | 1 | _aAntep. | |
| 700 | 1 | 1 |
_aCastelot, E., _etrad. _9126383 |
| 700 | 2 | 1 |
_aSaint-Léon, Etienne Martin, _etrad. _9132288 |
| 752 |
_aFrancia - _dParís |
||
| 830 | 0 |
_aCollection d´autores étrangers contemporains _9222485 |
|
| 852 |
_aES-MaACL _jB-7174 _z-- Enc. hol. |
||
| 999 |
_c165692 _d165692 |
||